| 000 | 00000nas 2200000za 4500 |
| 001 | 9.864998 |
| 003 | CaOODSP |
| 005 | 20221107161708 |
| 007 | cr ||||||||||| |
| 008 | 181120d19911992oncmr p|o||||f0 |0eng| |
| 040 | |aCaOODSP|beng |
| 041 | |aeng |
| 041 | |afre |
| 043 | |an-cn--- |
| 086 | 1 |aH12-23-1-PDF |
| 245 | 00|aIncome security programs, monthly statistics |h[electronic resource] = |bProgrammes de la sécurité du revenue, statistiques mensuelles. |
| 246 | 11|aProgrammes de la sécurité du revenue, statistiques mensuelles. |
| 260 | |aOttawa : |bHealth and Welfare Canada = Santé et bien-être social Canada, |c1991-1992. |
| 310 | |aMonthly. |
| 362 | 1 |aJan. 1991-Dec. 1992. |
| 500 | |a"Canada Pension Plan, Family Allowances, Old Age Security Pension, Guaranteed Income Supplement, Spouse's Allowances". |
| 546 | |aText in English and French. |
| 710 | 1 |aCanada. |bHealth and Welfare Canada. |
| 780 | 00|tMonthly statistics, income security programs |w(CaOODSP)9.865125 |
| 785 | 00|tCanada Pension Plan, Old Age Security, statistical bulletin |w(CaOODSP)9.500183 |
| 792 | |tIncome security programs, monthly statistics |efre|w(CaOODSP)9.865013 |